Plan de prevención de riesgo para la empresa German TEC S.A ubicada en reparto Bolonia en la ciudad de Managua

El presente estudio se desarrolló con el objetivo de proponer un plan de prevención de riesgo laboral para la empresa German TEC S.A., se evaluaron los riesgos en cada puesto de trabajos y demostrando los peligros que están expuesto los trabajadores los que tuvieron más incidencia son caída...

Full description

Bibliographic Details
Main Author: Sánchez Soza, Marcos Usiel
Other Authors: Tutor: Reyes Gómez, Arlen Patricia
Format: Tesis Section = Libro
Language:Undetermined
Spanish
Published: Managua UNI 2020
Subjects:
LEADER 01357nam a2200265Ia 4500
008 240830s9999 xx 000 0 und d
040 |a BIBLIOTECA-RUPAP/ Mon 363.11 S211 
041 |a spa 
082 |a Mon 363.11 S211 
100 1 |a Sánchez Soza, Marcos Usiel 
245 1 0 |a Plan de prevención de riesgo para la empresa German TEC S.A ubicada en reparto Bolonia en la ciudad de Managua 
260 |a Managua  |b UNI  |c 2020 
300 |a 99 p. :il. 
500 |a Contiene: anexos y CD. 
502 |a Tesis (Ingeniero Industrial) - UNI, 2020. 
520 3 |a El presente estudio se desarrolló con el objetivo de proponer un plan de prevención de riesgo laboral para la empresa German TEC S.A., se evaluaron los riesgos en cada puesto de trabajos y demostrando los peligros que están expuesto los trabajadores los que tuvieron más incidencia son caída al mismo y distinto nivel, contacto con objeto fijos, colisión, postura estática (sentado), en las áreas de administración, responsable de bodega, responsables de ventas y taller. 
650 7 |a SEGURIDAD INDUSTRIAL-NICARAGUA 
650 7 |b  SALUD OCUPACIONAL 
650 7 |c  ACCIDENTES DE TRABAJO 
650 7 |d  CONTROL DE RIESGOS LABORALES 
650 7 |e  PLANIFICACION EMPRESARIAL 
700 1 |a Tutor:  |b Reyes Gómez, Arlen Patricia 
942 |c BK  |2 ddc 
991 |a TESIS 
999 |c 18984